Alternativas simuladas de liberación del mercado agropecuario mundial (Registro nro. 22957)

Detalles MARC
000 -LEADER
fixed length control field 00397 a2200121 4500
001 - CONTROL NUMBER
control field ART_5721
005 - DATE AND TIME OF LATEST TRANSACTION
control field 20260410161828.0
008 - FIXED-LENGTH DATA ELEMENTS--GENERAL INFORMATION
fixed length control field 260409a
100 1# - MAIN ENTRY--PERSONAL NAME
Personal name Romanelli, Rodolfo
245 10 - TITLE STATEMENT
Title Alternativas simuladas de liberación del mercado agropecuario mundial
700 1# - ADDED ENTRY--PERSONAL NAME
Personal name Liboreiro, Ernesto
773 0# - HOST ITEM ENTRY
Title Estudios Económicos
Related parts - Vol. 18, Nº 38 (jul./dic. 2001)
Record control number REV5080

No hay ítems disponibles.